| 000 | 00363nam a2200133Ia 4500 | ||
|---|---|---|---|
| 005 | 20251222144848.0 | ||
| 008 | 251222s9999||||xx |||||||||||||| ||spa|| | ||
| 020 | _a9972-450-62-8 | ||
| 082 | _a371.144/A48 | ||
| 100 | _aAlvarado Oyarce, Otoniel | ||
| 245 | 0 | _aSupervisión Educativa Orientada al Control de Calidad | |
| 264 | _bDerrama Magisterial | ||
| 942 | _cLIB | ||
| 999 |
_c21493 _d21493 |
||